• 首页
  • 本馆介绍
  • 公告通知
  • 最新文献
  • 馆藏检索
  • 电子资源
  • 读者导购
  • 参考咨询
  • 我的图书馆
  • 登录
  • 详细信息显示
  • 放入我的书架
  • 预约/预借图书
  • 作者相关作品
  • 分类相关作品
  • 丛书相关作品
  • 出版社相关作品

书目信息

  • 表格格式
  • 工作单格式
  • 卡片格式
书名: Die design handbook
作者: ASTE National Book Committee: Francis J. Sehn, chairman; Maurice M. Clemons [and others] Frank W. Wilson, executive editor
分册号:
分册名:
出版地: New York :
 
出版社: McGraw-Hill
出版时间: 1955.
页数: various paging :
开本: 24 cm.
丛书名:
中图分类号:
科图分类号:
其他分类号: TB2
主题词:
电子资源:
000 00932nam 2200265 a 4500
001 E0760698733
003 OCoLC
005 20070727165455.48
008 000 0 eng
008 uu
010    @a54011256 /L
015    @aGB55-15280
040    @aDLC @cORL @dOCL @dUKM @dUBA
049    @aN5LA
050 00 @aTS253 @b.A45
082 00 @a671.25
090    @aTB2
099    @dTB2@ex21
110 2  @aAmerican Society of Tool and Manufacturing Engineers.
245 14 @aDie design handbook / @cASTE National Book Committee: Francis J. Sehn, chairman; Maurice M. Clemons [and others] Frank W. Wilson, executive editor
250    @a1st ed.
260    @aNew York :@bMcGraw-Hill,@c1955.
300    @avarious paging :@btable, diagrs. ;@c24 cm.
650  0 @aDies (Metal-working) @b00 @c20020930 @lNLC09 @h2257 @b00 @c20021015 @lNLC09 @h2157 @lNLC09 @h0100 @b40 @c20031230 @lNLC09 @h1029
852 1  @bWWJC @cJ17N @kR @hTJ1255 @iA51
    
    Die design handbook / / ASTE National Book Committee: Francis J. Sehn, chairman; Maurice M. Clemons [and others] Frank W. Wilson, executive editor.-1st ed.-New York : : McGraw-Hill, , 1955.
    various paging : : table, diagrs. ; ; 24 cm.
    
    
    ISBN
    
●
相关链接 在E读中查询图书 在五车中查询图书 在当当中查询图书 在豆瓣中查询图书


正题名:design handbook     索取号:TB2/x21         预约/预借

序号 登录号 条形码 馆藏地/架位号 状态 备注
1 0014101   300141013   第二样本阅览室/ [索取号:TB2/x21] 在馆    
唐山师范学院图书馆 欢迎您!
大连网信软件有限公司© 版权所有